| 000 | 00725cab a2200265 4500 | ||
|---|---|---|---|
| 001 | X209 | ||
| 008 | 090401t1992 xxu||||| |||| 00| 0 eng d | ||
| 035 | _a(Sirsi) u64409 | ||
| 041 | _aeng | ||
| 100 | _aAllen, D.A. | ||
| 245 | _aAlbania - helping a nation to develop | ||
| 260 | _c1992 | ||
| 350 | _a0 | ||
| 490 |
_aCSM (Chartered Surveyor Monthly) _v2(2) October 1992, 8(1) |
||
| 650 | _aALBANIA | ||
| 650 | _aASSISTANCE | ||
| 650 | _aCAREERS, EDUCATION AND TRAINING | ||
| 650 | _aPOLYTECHNIC UNIVERSITY OF TIRANA | ||
| 650 | _aSURVEYING COURSES | ||
| 650 | _aSURVEYING | ||
| 690 | _aOVERSEAS-EUROPE | ||
| 690 | _aMANAGEMENT-BUSINESS MANAGEMENT-PROFESSIONAL PRACTICE | ||
| 942 | _n0 | ||
| 948 | _c04/03/1997 | ||
| 999 |
_c40114 _d40114 |
||